|
|
|
|
| LEADER |
00842nam a22002652a 4500 |
| 001 |
000953782 |
| 003 |
CZ BrMZK |
| 005 |
20210309081646.0 |
| 007 |
ta |
| 008 |
090708s1920 xr er|||||||||||cze d |
| 040 |
|
|
|a ABA001
|b cze
|c KLG001
|d ABA001
|d BOA001
|
| 041 |
1 |
|
|a cze
|h rus
|
| 100 |
1 |
|
|a Gor‘kij, Maksim,
|d 1868-1936
|7 jn19990002786
|4 aut
|
| 245 |
1 |
0 |
|a Tuláci.
|n Část 1.,
|p Dvě povídky /
|c Maxim Gor'kij ; z ruštiny přeložil O. Vančura
|
| 246 |
3 |
0 |
|a Dvě povídky
|
| 250 |
|
|
|a 2. vyd.
|
| 260 |
|
|
|a Praha :
|b Mladé proudy,
|c 1920
|
| 300 |
|
|
|a 79 s. ;
|c 8°
|
| 490 |
1 |
|
|a Lidová knižnice ;
|v 3
|
| 830 |
|
0 |
|a Lidová knižnice (Mladé proudy)
|0 s
|
| 910 |
|
|
|a BOA001
|b 1-0544.213,1
|
| 990 |
|
|
|a BK
|
| 993 |
|
|
|a Y
|
| 991 |
|
|
|b 200907
|
| 996 |
6 |
|
|b 2619461213
|c 1-0544.213,1
|l MZK
|r Sklad / do 1 hodiny
|n 0
|w 001085709
|u 000010
|a 1
|e BOA001
|j MZK50
|s P
|